000 00897nam a2200301 i 4500
003 EG-GICUC
005 20260420080717.0
008 260420s1967 fre||||fr|||| 001 0 fre d
040 _aEG-GiCUC
_bfre
_cEG-GiCUC
_dEG-GiCUC
_eRda
041 _afre
044 _afre
082 0 4 _221
_a343
_bZL . D
092 0 4 _221
099 _aLaw1 10 343 ZL . D 1967
100 1 _a Zlataric , Bogdan.
245 1 0 _aDroit Fell International :
_bCours de Dreit Pénal Approforo1 /
_cBogdan Zlataric.
264 _c1967.
300 _a417 page :
_c 24 cm.
336 _2rda contenu
_a texte
337 _2rda medias
_aOrdinateur
338 _2 transporteur rda
_a Ressource en ligne
500 _aComprend un index.
650 1 4 _aSciences Criminelles.
_2qrmak
651 1 _2qrmak
856 4 0 _uhttps://fll.law.cu.edu.eg/fulltext/bks/B10-10032.pdf
905 _a168
_eEman
942 _2ddc
_cBK
_e21
_n0
999 _c72063
_d72063